« Désappartenance contagieuse » (notice n° 2055262)

détails MARC
000 -LEADER
fixed length control field 01383cam a2200241 4500500
005 - DATE AND TIME OF LATEST TRANSACTION
control field 20260405002208.0
041 ## - LANGUAGE CODE
Language code of text/sound track or separate title fre
042 ## - AUTHENTICATION CODE
Authentication code dc
100 10 - MAIN ENTRY--PERSONAL NAME
Personal name Travers de Faultrier, Sandra
Relator term author
245 00 - TITLE STATEMENT
Title « Désappartenance contagieuse »
260 ## - PUBLICATION, DISTRIBUTION, ETC.
Date of publication, distribution, etc. 2026.<br/>
500 ## - GENERAL NOTE
General note 87
520 ## - SUMMARY, ETC.
Summary, etc. RésuméL’alliance de l’art littéraire avec les ressources documentaires, notamment juridiques, permet de rendre visible la réalité de la contagion qui opère en prison, que l’on soit détenu ou geôlier. Désappartenance et dépersonnalisation à l’œuvre sont ainsi le lot commun des gardiens et des prisonniers.
520 ## - SUMMARY, ETC.
Summary, etc. SummaryThe alliance of literary art with documentary resources, particularly legal materials, makes it possible to render visible the reality of the contagion at work in prison, whether one is an inmate or a warder. Disaffiliation and depersonalisation at work thus become the common lot of both prison officers and prisoners.
690 ## - LOCAL SUBJECT ADDED ENTRY--TOPICAL TERM (OCLC, RLIN)
Topical term or geographic name as entry element Contamination
690 ## - LOCAL SUBJECT ADDED ENTRY--TOPICAL TERM (OCLC, RLIN)
Topical term or geographic name as entry element Dépersonnalisation
690 ## - LOCAL SUBJECT ADDED ENTRY--TOPICAL TERM (OCLC, RLIN)
Topical term or geographic name as entry element Désappartenance
690 ## - LOCAL SUBJECT ADDED ENTRY--TOPICAL TERM (OCLC, RLIN)
Topical term or geographic name as entry element Enfermement
690 ## - LOCAL SUBJECT ADDED ENTRY--TOPICAL TERM (OCLC, RLIN)
Topical term or geographic name as entry element Fiction littéraire et documents juridiques
690 ## - LOCAL SUBJECT ADDED ENTRY--TOPICAL TERM (OCLC, RLIN)
Topical term or geographic name as entry element PRISON
786 0# - DATA SOURCE ENTRY
Note Les Cahiers de la Justice | 1 | 1 | 2026-03-18 | p. 189-192 | 1958-3702
856 41 - ELECTRONIC LOCATION AND ACCESS
Uniform Resource Identifier <a href="https://droit.cairn.info/revue-les-cahiers-de-la-justice-2026-1-page-189?lang=fr&redirect-ssocas=7080">https://droit.cairn.info/revue-les-cahiers-de-la-justice-2026-1-page-189?lang=fr&redirect-ssocas=7080</a>

Pas d'exemplaire disponible.

PLUDOC

PLUDOC est la plateforme unique et centralisée de gestion des bibliothèques physiques et numériques de Guinée administré par le CEDUST. Elle est la plus grande base de données de ressources documentaires pour les Étudiants, Enseignants chercheurs et Chercheurs de Guinée.

Adresse

627 919 101/664 919 101

25 boulevard du commerce
Kaloum, Conakry, Guinée

Réseaux sociaux

Powered by Netsen Group @ 2025